[Event "Skopje MKD"]
[Site "Skopje MKD"]
[Date "2014.04.05"]
[Round "9.64"]
[White "Nikolovski, Nikola"]
[Black "Dimic, Pavle"]
[Result "1-0"]
[WhiteElo "1996"]
[BlackElo "2293"]
[PlyCount "59"]
[EventDate "2014.03.29"]
[EventType "swiss"]
[EventRounds "9"]

1. e4 c5 2. Nc3 Nc6 3. f4 g6 4. Nf3 Bg7 5. Bb5 Nd4 6. O-O Nxb5 7. Nxb5 d6 8. d3
Nf6 9. Nc3 O-O 10. Qe1 Rb8 11. Qh4 b5 12. f5 c4 13. Bh6 b4 14. Ne2 cxd3 15.
cxd3 Re8 16. Ng5 Bh8 17. Ng3 Ba6 18. fxg6 fxg6 19. Rf3 Qd7 20. h3 Rec8 21. Raf1
Rc2 22. Bg7 h5 23. Bxh8 Kxh8 24. Nxh5 gxh5 25. Rxf6 exf6 26. Qxh5+ Kg8 27. Rxf6
Rc7 28. Rg6+ Qg7 29. Qh7+ Kf8 30. Ne6+ 1-0

[Event "Skopje MKD"]
[Site "Skopje MKD"]
[Date "2014.04.05"]
[Round "9.65"]
[White "Ozturk, Kubra"]
[Black "Schleich, Theodor"]
[Result "1-0"]
[WhiteElo "2288"]
[BlackElo "2052"]
[PlyCount "71"]
[EventDate "2014.03.29"]
[EventType "swiss"]
[EventRounds "9"]

1. Nf3 e6 2. d4 b6 3. g3 Bb7 4. Bg2 f5 5. O-O Nf6 6. c4 Be7 7. d5 O-O 8. Nd4 c5
9. Nb5 exd5 10. N1c3 Na6 11. Nxd5 Nxd5 12. cxd5 Bf6 13. Nc3 d6 14. e4 Bc8 15.
Bf4 g5 16. Bd2 f4 17. Kh1 Be5 18. Qh5 Nb4 19. Bf3 Nc2 20. Rac1 Nd4 21. Bg4 Kh8
22. Ne2 Bxg4 23. Qxg4 Nxe2 24. Qxe2 Bxb2 25. gxf4 Bxc1 26. Bxc1 Rf7 27. Rg1 Kg8
28. f5 Qd7 29. Bxg5 Rg7 30. f6 Rg6 31. f4 Re8 32. f5 Rxg5 33. Rxg5+ Kh8 34. Rg7
Qxf5 35. f7 Rxe4 36. Rg8# 1-0

[Event "Skopje MKD"]
[Site "Skopje MKD"]
[Date "2014.04.05"]
[Round "9.66"]
[White "Vatter, Hans Joachim"]
[Black "Zekaj, Dritan"]
[Result "1-0"]
[WhiteElo "2275"]
[BlackElo "2031"]
[PlyCount "109"]
[EventDate "2014.03.29"]
[EventType "swiss"]
[EventRounds "9"]

1. d4 Nf6 2. Bg5 Ne4 3. Bf4 c5 4. f3 Qa5+ 5. c3 Nf6 6. Nd2 cxd4 7. Nc4 Qd8 8.
Bxb8 Rxb8 9. Qxd4 b5 10. Nd2 Qb6 11. Qxb6 Rxb6 12. e4 g6 13. Ne2 Bg7 14. a3 O-O
15. Nd4 a6 16. Bd3 e5 17. Nc2 d5 18. Nb4 Bb7 19. exd5 Nxd5 20. Nxd5 Bxd5 21.
Ke2 f5 22. Bc2 Kh8 23. Rad1 Re6 24. Bb3 Bxb3 25. Nxb3 e4 26. Nc5 Rc6 27. Rd5
exf3+ 28. Kxf3 Re8 29. Rhd1 a5 30. Rd8 Rc8 31. Nb7 b4 32. axb4 axb4 33. cxb4
Bxb2 34. Rxc8 Rxc8 35. Rd8+ Rxd8 36. Nxd8 Bd4 37. Ne6 Bg1 38. h3 Kg8 39. Kf4
Bh2+ 40. Ke3 Kf7 41. Ng5+ Kg7 42. Kd4 h6 43. Ne6+ Kf6 44. Kd5 g5 45. b5 g4 46.
b6 gxh3 47. gxh3 Bb8 48. Nc7 f4 49. Ke4 Kg5 50. Ne6+ Kh4 51. Nxf4 Kg3 52. Nh5+
Kxh3 53. Nf6 Kg3 54. Nd7 Bf4 55. Ne5 1-0

[Event "Skopje MKD"]
[Site "Skopje MKD"]
[Date "2014.04.05"]
[Round "9.67"]
[White "Jakovljevic, Dejan"]
[Black "Maisuradze, Nino"]
[Result "0-1"]
[WhiteElo "1948"]
[BlackElo "2274"]
[PlyCount "75"]
[EventDate "2014.03.29"]
[EventType "swiss"]
[EventRounds "9"]

1. e4 c5 2. c3 d5 3. exd5 Qxd5 4. d4 g6 5. Nf3 Bg7 6. Be2 Nf6 7. dxc5 Qxc5 8.
Be3 Qc7 9. Na3 a6 10. Qa4+ Bd7 11. Nb5 Qc8 12. Ne5 O-O 13. Nxd7 Nbxd7 14. Nd4
e5 15. Nf3 Nd5 16. Bd2 Nc5 17. Qh4 Qd8 18. Qxd8 Rfxd8 19. O-O e4 20. Nd4 Bxd4
21. cxd4 Ne6 22. Be3 f5 23. Bh6 b5 24. Rfd1 Nb4 25. d5 Nxd5 26. a4 Rab8 27.
axb5 axb5 28. Ra6 Ndc7 29. Rxd8+ Rxd8 30. Rb6 Kf7 31. Kf1 Ra8 32. Ke1 Ra5 33.
Kd2 g5 34. h4 gxh4 35. Rc6 Ra2 36. Kc3 Nd5+ 37. Kb3 Ra1 38. Rd6 0-1

[Event "Skopje MKD"]
[Site "Skopje MKD"]
[Date "2014.04.05"]
[Round "9.68"]
[White "Grigoriadis, Alexandros"]
[Black "Lazov, Toni"]
[Result "1/2-1/2"]
[WhiteElo "2255"]
[BlackElo "1965"]
[PlyCount "54"]
[EventDate "2014.03.29"]
[EventType "swiss"]
[EventRounds "9"]

1. Nf3 Nf6 2. b4 g6 3. Bb2 Bg7 4. c4 O-O 5. Nc3 d5 6. e3 b6 7. Be2 Bb7 8. O-O
Nbd7 9. d4 dxc4 10. b5 Nd5 11. Nxd5 Bxd5 12. Nd2 c5 13. Bxc4 Bxc4 14. Nxc4 cxd4
15. Bxd4 Bxd4 16. Qxd4 Nc5 17. Rfd1 Qxd4 18. exd4 Ne4 19. Rac1 Rfd8 20. Ne5 Nd6
21. a4 a6 22. Nc6 Re8 23. bxa6 Rxa6 24. Rb1 e6 25. g3 Ne4 26. Rd3 Kg7 27. Rdb3
Rxa4 1/2-1/2

[Event "Skopje MKD"]
[Site "Skopje MKD"]
[Date "2014.04.05"]
[Round "9.69"]
[White "Becker, Carsten"]
[Black "Jovanovic, Bojan P"]
[Result "0-1"]
[WhiteElo "1986"]
[BlackElo "2254"]
[PlyCount "60"]
[EventDate "2014.03.29"]
[EventType "swiss"]
[EventRounds "9"]

1. d4 g6 2. c4 Bg7 3. Nf3 d6 4. h3 Nd7 5. e4 e5 6. Be3 exd4 7. Bxd4 Ngf6 8. Nc3
O-O 9. Bd3 Re8 10. O-O c6 11. Qc2 Qc7 12. Rfe1 Ne5 13. Nxe5 dxe5 14. Be3 Nh5
15. Bf1 f5 16. Rad1 Be6 17. b4 Qf7 18. c5 a5 19. b5 Bf8 20. exf5 gxf5 21. f3
Nf6 22. Bf2 Nd7 23. Na4 Bd5 24. Rxd5 cxd5 25. c6 bxc6 26. bxc6 Rec8 27. Rc1 Qe6
28. c7 Bd6 29. Qc6 Kf7 30. Rd1 Bxc7 0-1

[Event "Skopje MKD"]
[Site "Skopje MKD"]
[Date "2014.04.05"]
[Round "9.70"]
[White "Sorgic, Dragan"]
[Black "Gjergji, Rozana"]
[Result "1-0"]
[WhiteElo "2244"]
[BlackElo "1940"]
[PlyCount "111"]
[EventDate "2014.03.29"]
[EventType "swiss"]
[EventRounds "9"]

1. e4 e5 2. Bc4 Be7 3. Nf3 Nc6 4. d4 d6 5. h3 Nf6 6. Nc3 exd4 7. Nxd4 Ne5 8.
Be2 Bd7 9. O-O O-O 10. f4 Ng6 11. a4 c5 12. Nf5 Bc6 13. Bf3 Qd7 14. g4 Rad8 15.
g5 Nxe4 16. Bg4 Nxc3 17. bxc3 Qc7 18. h4 Rfe8 19. h5 Nf8 20. h6 Ne6 21. hxg7
Nxg7 22. Nh6+ Kf8 23. Qd3 f5 24. Bxf5 c4 25. Qh3 Bf6 26. gxf6 Qb6+ 27. Be3
Qxe3+ 28. Qxe3 Rxe3 29. fxg7+ Kxg7 30. Ng4 Rg3+ 31. Kh2 Rg2+ 32. Kh3 h5 33. Ne3
Re2 34. Rg1+ Kf6 35. Rg6+ Kf7 36. Nxc4 Be4 37. Bxe4 Rxe4 38. Rxd6 Rc8 39. Ne5+
Ke7 40. Rd3 Ke6 41. Nf3 Kf5 42. Nd4+ Kxf4 43. Rf3+ Kg5 44. Rg1+ Rg4 45. Ne6+
Kg6 46. Rxg4+ hxg4+ 47. Kxg4 Rc4+ 48. Nd4 Rxa4 49. Kf4 Rc4 50. Ke4 a5 51. Kd5
Rc7 52. Nb5 Rc6 53. Nd6 Rb6 54. c4 Rb2 55. Rb3 Rxc2 56. Rxb7 1-0

[Event "Skopje MKD"]
[Site "Skopje MKD"]
[Date "2014.04.05"]
[Round "9.71"]
[White "Makoli, Perparim"]
[Black "Aydin, Kaan Ayhan"]
[Result "0-1"]
[WhiteElo "2242"]
[BlackElo "1795"]
[PlyCount "44"]
[EventDate "2014.03.29"]
[EventType "swiss"]
[EventRounds "9"]

1. e4 e6 2. d4 d5 3. Nd2 Nf6 4. exd5 exd5 5. Ngf3 Bd6 6. Nb3 Bf5 7. Nh4 Qe7+ 8.
Be3 Be6 9. Be2 Nbd7 10. g3 Bh3 11. Qd3 g6 12. f3 O-O-O 13. Kd2 Nb6 14. Bh6 Nc4+
15. Kc1 Nd7 16. Bd1 g5 17. Nf5 Bxf5 18. Qxf5 Ba3 19. Qxd5 Bxb2+ 20. Kb1 Ndb6
21. Qf5+ Kb8 22. c3 Na4 0-1

[Event "Skopje MKD"]
[Site "Skopje MKD"]
[Date "2014.04.05"]
[Round "9.72"]
[White "Jefic, Srdjan"]
[Black "Gjeorgjievski, Done"]
[Result "1-0"]
[WhiteElo "2214"]
[BlackElo "1784"]
[PlyCount "61"]
[EventDate "2014.03.29"]
[EventType "swiss"]
[EventRounds "9"]

1. e4 Nf6 2. e5 Nd5 3. d4 d6 4. Nf3 Bg4 5. Be2 e6 6. O-O Be7 7. c4 Nb6 8. Nc3
d5 9. c5 Nc8 10. h3 Bh5 11. Bf4 O-O 12. Re1 Nc6 13. b4 Bxf3 14. Bxf3 Bg5 15.
Bxg5 Qxg5 16. Nb5 Qd8 17. Rb1 N8e7 18. Bg4 g6 19. h4 h5 20. Bh3 Re8 21. Nc3 Kg7
22. Re3 Ng8 23. g3 Nh6 24. b5 Ne7 25. Ne2 Nhf5 26. Rd3 b6 27. Nf4 Rh8 28. Rc1
Qd7 29. a4 a6 30. Rdc3 axb5 31. cxb6 1-0

[Event "Skopje MKD"]
[Site "Skopje MKD"]
[Date "2014.04.05"]
[Round "9.73"]
[White "Emmanouilidis, Athanasios"]
[Black "Nestorovic, Lazar"]
[Result "0-1"]
[WhiteElo "1850"]
[BlackElo "2381"]
[PlyCount "50"]
[EventDate "2014.03.29"]
[EventType "swiss"]
[EventRounds "9"]

1. d4 Nf6 2. c4 g6 3. Nc3 Bg7 4. e4 d6 5. Nf3 O-O 6. h3 Qe8 7. Be3 Na6 8. Be2
e5 9. dxe5 dxe5 10. b4 b6 11. a3 c5 12. O-O cxb4 13. axb4 Nxb4 14. Bxb6 Qc6 15.
Ba5 Na6 16. Nd5 Kh8 17. Nxf6 Bxf6 18. Qd5 Bb7 19. Rfb1 Rab8 20. Rxb7 Qxb7 21.
Qd6 Bg7 22. Bc3 Qxe4 23. Rxa6 Qxe2 24. Nxe5 Kg8 25. Bd4 Rbd8 0-1

[Event "Skopje MKD"]
[Site "Skopje MKD"]
[Date "2014.04.05"]
[Round "9.74"]
[White "Papp, Petra"]
[Black "Stojkovska, Monika"]
[Result "1/2-1/2"]
[WhiteElo "2302"]
[BlackElo "1997"]
[PlyCount "89"]
[EventDate "2014.03.29"]
[EventType "swiss"]
[EventRounds "9"]

1. e4 e6 2. d4 d5 3. Nc3 Bb4 4. e5 c5 5. a3 Bxc3+ 6. bxc3 Qa5 7. Bd2 Qa4 8. Qg4
g6 9. Nf3 c4 10. Be2 Qxc2 11. O-O Nd7 12. a4 Qf5 13. Qg3 h5 14. Nh4 Qc2 15. Qg5
Nf8 16. Rfc1 Qb2 17. a5 Nh7 18. Qe3 Qb5 19. Bd1 Bd7 20. Rcb1 Qc6 21. Bc1 Qc7
22. Bc2 Nf8 23. Ba3 Ne7 24. Bd6 Qd8 25. Nf3 Bc6 26. Ng5 Nf5 27. Bxf5 gxf5 28.
Nh3 Ng6 29. Nf4 Nxf4 30. Qxf4 Rg8 31. h3 Qg5 32. Qf3 Kd7 33. Ba3 h4 34. Bc1 Qg6
35. Bf4 Rh8 36. Kh2 Rag8 37. Rg1 Qg7 38. Qe3 Rh5 39. Qe2 Rhh8 40. Qb2 Qf8 41.
Qc1 Rh5 42. Qd1 Rhh8 43. Ra2 Qd8 44. Qd2 Rg6 45. Qe3 1/2-1/2

[Event "Skopje MKD"]
[Site "Skopje MKD"]
[Date "2014.04.05"]
[Round "9.75"]
[White "Bejatovic, Bojana"]
[Black "Veleski, Robert"]
[Result "1/2-1/2"]
[WhiteElo "2016"]
[BlackElo "2248"]
[PlyCount "105"]
[EventDate "2014.03.29"]
[EventType "swiss"]
[EventRounds "9"]

1. d4 d5 2. Nf3 c5 3. Bf4 Nc6 4. Nc3 Nf6 5. e3 Bg4 6. Bb5 e6 7. h3 Bxf3 8. Qxf3
a6 9. Bxc6+ bxc6 10. O-O cxd4 11. exd4 Bb4 12. Be5 O-O 13. Qg3 Rc8 14. Ne2 Re8
15. f4 Bf8 16. Qd3 Ne4 17. f5 f6 18. Bh2 Qb6 19. fxe6 Qb5 20. c4 Qxc4 21. Qxc4
dxc4 22. Nf4 Bd6 23. Rae1 Bxf4 24. Rxe4 Bxh2+ 25. Kxh2 Rb8 26. Rf2 Kf8 27. Rc2
Rb4 28. b3 cxb3 29. axb3 Rb6 30. Rc3 Ke7 31. Kg3 Kd6 32. Rce3 Rb7 33. Kf4 g6
34. Kf3 h5 35. g4 hxg4+ 36. hxg4 Rbe7 37. d5 cxd5 38. Ra4 Ra8 39. Rb4 a5 40.
Ra4 Rxe6 41. Rxe6+ Kxe6 42. b4 Kd6 43. bxa5 Ra6 44. Ra1 Kc5 45. Ke3 Kc4 46.
Rc1+ Kb4 47. Kd4 Rxa5 48. Rb1+ Ka3 49. Ra1+ Kb4 50. Rxa5 Kxa5 51. Kxd5 f5 52.
gxf5 gxf5 53. Ke5 1/2-1/2

[Event "Skopje MKD"]
[Site "Skopje MKD"]
[Date "2014.04.05"]
[Round "9.76"]
[White "Ilic, Slobodan R"]
[Black "Zugaj, Fjodor"]
[Result "1-0"]
[WhiteElo "2012"]
[BlackElo "2194"]
[PlyCount "51"]
[EventDate "2014.03.29"]
[EventType "swiss"]
[EventRounds "9"]

1. e4 c6 2. d4 d5 3. Nc3 dxe4 4. Nxe4 Nd7 5. Bc4 Ngf6 6. Ng5 e6 7. Ne2 Bd6 8.
Ng3 O-O 9. O-O h6 10. N5e4 Nxe4 11. Nxe4 Bxh2+ 12. Kxh2 Qh4+ 13. Kg1 Qxe4 14.
Re1 Qh4 15. g3 Qd8 16. Bf4 b6 17. Qe2 Bb7 18. Rad1 Nf6 19. Be5 Qe7 20. c3 Rad8
21. Qf3 Rd7 22. Bb3 Rfd8 23. Bc2 Ba8 24. Qd3 Rc8 25. Bxf6 Qxf6 26. Qh7+ 1-0

[Event "Skopje MKD"]
[Site "Skopje MKD"]
[Date "2014.04.05"]
[Round "9.77"]
[White "Peczely, Sebastian Zsombor"]
[Black "Graeffe, Petri"]
[Result "1-0"]
[WhiteElo "2182"]
[BlackElo "1996"]
[PlyCount "45"]
[EventDate "2014.03.29"]
[EventType "swiss"]
[EventRounds "9"]

1. e4 c5 2. Nf3 e6 3. d4 cxd4 4. Nxd4 a6 5. Bd3 Nf6 6. Nc3 Qc7 7. O-O Bc5 8.
Nb3 Be7 9. f4 d6 10. a4 b6 11. Be3 Nbd7 12. g4 Nc5 13. g5 Nfd7 14. Bd4 Rg8 15.
f5 Bb7 16. Qh5 O-O-O 17. fxe6 fxe6 18. Rf7 Ne5 19. Nxc5 bxc5 20. Bxe5 dxe5 21.
Bc4 Rd6 22. Qxh7 Qd8 23. Rxe7 1-0

[Event "Skopje MKD"]
[Site "Skopje MKD"]
[Date "2014.04.05"]
[Round "9.78"]
[White "Halmeenmaki, Tuomo"]
[Black "Serefidou, Despina"]
[Result "1/2-1/2"]
[WhiteElo "2177"]
[BlackElo "1916"]
[PlyCount "85"]
[EventDate "2014.03.29"]
[EventType "swiss"]
[EventRounds "9"]

1. Nf3 c5 2. g3 Nc6 3. Bg2 e5 4. O-O d5 5. d3 Nf6 6. e4 Be7 7. Na3 O-O 8. c3
dxe4 9. dxe4 Qxd1 10. Rxd1 Be6 11. Ng5 Rad8 12. Re1 Bc8 13. Bh3 Bxh3 14. Nxh3
a6 15. f3 Rd7 16. Nf2 Rfd8 17. Be3 b5 18. Red1 Rxd1+ 19. Rxd1 Rxd1+ 20. Nxd1 c4
21. Nc2 Nd7 22. Kf1 f6 23. Ke2 Kf7 24. Bf2 Bc5 25. a4 Bxf2 26. axb5 axb5 27.
Kxf2 Nc5 28. Na3 Na7 29. Ke3 Ke6 30. Kd2 Kd6 31. Ne3 g6 32. Nd5 f5 33. Nf6 fxe4
34. Nxe4+ Nxe4+ 35. fxe4 Kc5 36. Nc2 Nc6 37. Ne3 b4 38. Nd5 b3 39. Nf6 h5 40.
Nd7+ Kd6 41. Nb6 Kc5 42. Nd7+ Kd6 43. Nb6 1/2-1/2

[Event "Skopje MKD"]
[Site "Skopje MKD"]
[Date "2014.04.05"]
[Round "9.79"]
[White "Becking, Franz Josef"]
[Black "Thiel, Kuno"]
[Result "1-0"]
[WhiteElo "1943"]
[BlackElo "2168"]
[PlyCount "141"]
[EventDate "2014.03.29"]
[EventType "swiss"]
[EventRounds "9"]

1. d4 Nf6 2. Nf3 e6 3. e3 b6 4. c4 Bb7 5. Nc3 Bb4 6. Bd3 Bxc3+ 7. bxc3 d6 8.
O-O Nbd7 9. Qc2 Qe7 10. Ng5 h6 11. Ne4 O-O 12. Nxf6+ Nxf6 13. Ba3 c5 14. e4 e5
15. d5 Bc8 16. Bc1 Nh5 17. g3 Bh3 18. Re1 Bd7 19. Kg2 Rab8 20. Be2 Nf6 21. a4
a5 22. Rf1 Kh8 23. Bd3 Rb7 24. f4 Ne8 25. f5 Kh7 26. Be3 Nf6 27. Be2 g6 28. g4
g5 29. Rh1 Kg7 30. h4 Nh7 31. Rh2 f6 32. Rah1 Rh8 33. Bd1 Rbb8 34. Kf3 gxh4 35.
Rxh4 Ng5+ 36. Kg3 Rbg8 37. Bf3 Be8 38. Qh2 h5 39. Kf2 Rh6 40. gxh5 Bxa4 41. Rg1
Kf7 42. Rhg4 Be8 43. Bxg5 Rxg5 44. Rxg5 fxg5 45. Qg3 Rh7 46. Qxg5 Qxg5 47. Rxg5
a4 48. Rg1 Kf8 49. Ra1 Ra7 50. Ke3 Kg7 51. Kd2 Kh6 52. Kc2 a3 53. Kb3 Ba4+ 54.
Ka2 b5 55. cxb5 Bxb5 56. Rg1 Bc4+ 57. Ka1 a2 58. Bd1 Bd3 59. Rg6+ Kh7 60. Rxd6
Bxe4 61. f6 c4 62. Re6 Bxd5 63. Re7+ Rxe7 64. fxe7 Bf7 65. Kxa2 Kg7 66. Ba4 e4
67. Kb2 e3 68. Kc2 Bxh5 69. e8=Q Bxe8 70. Bxe8 Kf6 71. Bb5 1-0

[Event "Skopje MKD"]
[Site "Skopje MKD"]
[Date "2014.04.05"]
[Round "9.80"]
[White "Brzezinski, Adam"]
[Black "Angjelovski, Daniel"]
[Result "1-0"]
[WhiteElo "2165"]
[BlackElo "1913"]
[PlyCount "71"]
[EventDate "2014.03.29"]
[EventType "swiss"]
[EventRounds "9"]

1. d4 Nf6 2. c4 e6 3. Nc3 Bb4 4. a3 Bxc3+ 5. bxc3 b6 6. Bg5 Bb7 7. f3 d5 8.
cxd5 exd5 9. e3 O-O 10. Bh4 Re8 11. Bf2 Nbd7 12. Bd3 c5 13. Ne2 c4 14. Bc2 Bc6
15. O-O Nf8 16. Ng3 g6 17. Qd2 h5 18. Rfe1 Kg7 19. Nf1 Qd7 20. Bh4 N8h7 21. Ng3
Ba4 22. Bb1 Rac8 23. h3 Qc7 24. e4 Bd7 25. e5 Ng8 26. Qc2 Nf8 27. Qc1 Nh7 28.
Ra2 f5 29. Ne2 Be6 30. Nf4 Qf7 31. Rf2 Kh8 32. g4 Ne7 33. Kh2 Rc7 34. Rg1 Rg8
35. Nxe6 Qxe6 36. Qh6 1-0

[Event "Skopje MKD"]
[Site "Skopje MKD"]
[Date "2014.04.05"]
[Round "9.81"]
[White "Petkovski, Vlatko"]
[Black "Tairi, Krenar"]
[Result "1-0"]
[WhiteElo "2147"]
[BlackElo "1886"]
[PlyCount "103"]
[EventDate "2014.03.29"]
[EventType "swiss"]
[EventRounds "9"]

1. e4 c5 2. Nf3 e6 3. d4 cxd4 4. Nxd4 a6 5. Bd3 Bc5 6. Nb3 Ba7 7. c4 d6 8. Nc3
Nc6 9. Qe2 Nge7 10. O-O Ng6 11. Be3 Bd7 12. Bxa7 Nxa7 13. Qe3 O-O 14. Rad1 Qc7
15. f4 Nc8 16. Kh1 Nce7 17. Qg3 f6 18. h4 e5 19. Ne2 exf4 20. Nxf4 Nxf4 21.
Rxf4 Ng6 22. Rf2 Ne5 23. Be2 Rad8 24. h5 Bc8 25. Rdf1 Qe7 26. Nd4 Kh8 27. Nc2
Be6 28. Ne3 Rc8 29. b3 Qf7 30. Rd1 Rcd8 31. Nd5 Bxd5 32. Rxd5 Qe7 33. Qf4 Rc8
34. Bf1 Rc5 35. Rd4 Nc6 36. Rd3 Ne5 37. Rd1 Nf7 38. Rd5 Ne5 39. b4 Rc6 40. c5
Rd8 41. Rfd2 b6 42. cxb6 Rxb6 43. a3 Rc6 44. Rf2 Rc3 45. a4 Qe8 46. h6 Qg6 47.
hxg7+ Kxg7 48. Bxa6 Rg3 49. Be2 h5 50. Qf5 Qf7 51. a5 Rg5 52. Qxg5+ 1-0

[Event "Skopje MKD"]
[Site "Skopje MKD"]
[Date "2014.04.05"]
[Round "9.82"]
[White "Asani, Adem"]
[Black "Kacakovski, Dimitar"]
[Result "0-1"]
[WhiteElo "1991"]
[BlackElo "2143"]
[PlyCount "102"]
[EventDate "2014.03.29"]
[EventType "swiss"]
[EventRounds "9"]

1. c4 e6 2. Nc3 d5 3. cxd5 exd5 4. d4 c5 5. Nf3 Nc6 6. e3 Nf6 7. h3 c4 8. Be2
Bb4 9. Bd2 Bxc3 10. Bxc3 b5 11. Ne5 Bb7 12. a4 a6 13. O-O O-O 14. f3 Qe7 15.
Qd2 Rfe8 16. Nxc6 Bxc6 17. axb5 Bxb5 18. Kf2 Nh5 19. Rfe1 Qh4+ 20. Kg1 Re6 21.
f4 Rae8 22. Bf3 Nf6 23. Qf2 Qh6 24. Re2 Qg6 25. Rae1 Ne4 26. Bxe4 Rxe4 27. Qf3
Qc6 28. g4 f6 29. Kf2 Qc7 30. Qg3 a5 31. Kf3 a4 32. h4 Qe7 33. g5 Bd7 34. gxf6
Qxf6 35. Qg5 Qf7 36. Rg2 h5 37. Bd2 Bg4+ 38. Kf2 Qd7 39. Rxg4 Qxg4 40. Qxg4
hxg4 41. Rg1 Rb8 42. Bc3 Rb3 43. Ra1 a3 44. Rxa3 Rxa3 45. bxa3 Re8 46. a4 Rb8
47. a5 Rb3 48. Be1 c3 49. Ke2 c2 50. Kd2 Rxe3 51. Bf2 Re2+ 0-1

[Event "Skopje MKD"]
[Site "Skopje MKD"]
[Date "2014.04.05"]
[Round "9.83"]
[White "Gjorshev, Ljupcho"]
[Black "Nikolovska, Dragana"]
[Result "1/2-1/2"]
[WhiteElo "2125"]
[BlackElo "1880"]
[PlyCount "113"]
[EventDate "2014.03.29"]
[EventType "swiss"]
[EventRounds "9"]

1. e4 c5 2. Nc3 Nc6 3. Bb5 Nd4 4. Bc4 e6 5. Nf3 Ne7 6. Nxd4 cxd4 7. Ne2 Nc6 8.
a3 g6 9. d3 Bg7 10. O-O O-O 11. f4 Ne7 12. Ng3 d5 13. Bb3 dxe4 14. dxe4 b5 15.
Qe2 Qb6 16. Kh1 a5 17. Bd2 Ba6 18. Qf2 Rac8 19. Rfc1 Rfd8 20. f5 exf5 21. exf5
Nd5 22. c3 dxc3 23. Qxb6 Nxb6 24. Bxc3 Bxc3 25. bxc3 Nd5 26. fxg6 hxg6 27. Ne4
Kg7 28. Ra2 f5 29. Ng5 Kf6 30. Nh7+ Kg7 31. Ng5 Kf6 32. h4 Nxc3 33. Rac2 b4 34.
axb4 axb4 35. Ra1 Ra8 36. Kh2 Bb5 37. Re1 Rd6 38. Nh7+ Kg7 39. Re7+ Kh6 40. Rf2
Rd7 41. Rxd7 Bxd7 42. Ng5 Ba4 43. Rb2 Bxb3 44. Rxb3 Na2 45. Rd3 Ra7 46. Rd8 Kg7
47. Rb8 Kf6 48. Rb6+ Kg7 49. Ne6+ Kf7 50. Nd8+ Kg7 51. Nc6 Ra4 52. Ne5 Nc1 53.
Rxg6+ Kh7 54. h5 b3 55. Nf3 Rb4 56. Ng5+ Kh8 57. Nf7+ 1/2-1/2

[Event "Skopje MKD"]
[Site "Skopje MKD"]
[Date "2014.04.05"]
[Round "9.84"]
[White "Kollari, Suleyman"]
[Black "Injac, Teodora"]
[Result "0-1"]
[WhiteElo "2104"]
[BlackElo "1871"]
[PlyCount "74"]
[EventDate "2014.03.29"]
[EventType "swiss"]
[EventRounds "9"]

1. e4 e6 2. d4 d5 3. Nd2 c5 4. Ngf3 Nc6 5. exd5 exd5 6. Bb5 Qe7+ 7. Qe2 Qxe2+
8. Kxe2 a6 9. Bxc6+ bxc6 10. c3 f6 11. Re1 Kf7 12. dxc5 Bxc5 13. b4 Bd6 14. Nb3
Ne7 15. Be3 g5 16. Bc5 Bc7 17. Nfd4 Bd7 18. Bxe7 Kxe7 19. Kd3+ Be5 20. g3 Kd6
21. Nc5 Bg4 22. f3 Bh5 23. f4 gxf4 24. gxf4 Bg6+ 25. Ke3 Bxd4+ 26. Kxd4 Bf5 27.
Re2 Rhe8 28. Rae1 Rxe2 29. Rxe2 Rg8 30. Nxa6 Rg1 31. Nc5 Rf1 32. Nb7+ Kd7 33.
Kc5 Rxf4 34. Kb6 Rf3 35. a4 Rxc3 36. a5 Bd3 37. Nc5+ Rxc5 0-1

[Event "Skopje MKD"]
[Site "Skopje MKD"]
[Date "2014.04.05"]
[Round "9.85"]
[White "Saracy, Nderim"]
[Black "Forsaa, Elise"]
[Result "1-0"]
[WhiteElo "2090"]
[BlackElo "1830"]
[PlyCount "79"]
[EventDate "2014.03.29"]
[EventType "swiss"]
[EventRounds "9"]

1. d4 d5 2. c4 dxc4 3. Nf3 Nf6 4. e3 b5 5. a4 b4 6. Bxc4 e6 7. O-O Be7 8. Nbd2
Bb7 9. a5 a6 10. Qe2 Nbd7 11. b3 O-O 12. Bb2 Ra7 13. Rfd1 Qa8 14. Bd3 Ne4 15.
Rac1 Bd5 16. Nxe4 Bxe4 17. Bxe4 Qxe4 18. Qc2 Qd5 19. e4 Qa8 20. Qc6 Nf6 21.
Qxa8 Rfxa8 22. Ne5 Rb7 23. f3 Kf8 24. Rc4 g6 25. Rdc1 Rc8 26. Rc6 Ra7 27. d5
exd5 28. Rxf6 Bxf6 29. Nd7+ Ke7 30. Nxf6 dxe4 31. Nxe4 f5 32. Nf6 Rd8 33. Re1+
Kf7 34. Nxh7 Rd2 35. Ng5+ Kf8 36. Bd4 Rb7 37. Bc5+ Kg7 38. Re7+ Kh6 39. h4 Rd1+
40. Kh2 1-0

[Event "Skopje MKD"]
[Site "Skopje MKD"]
[Date "2014.04.05"]
[Round "9.86"]
[White "Peev, Kosta"]
[Black "Arizanov, Tome"]
[Result "1-0"]
[WhiteElo "1786"]
[BlackElo "2078"]
[PlyCount "55"]
[EventDate "2014.03.29"]
[EventType "swiss"]
[EventRounds "9"]

1. d4 Nf6 2. Nf3 g6 3. e3 Bg7 4. Nbd2 O-O 5. b3 d6 6. Bb2 b6 7. Bd3 Na6 8. a3
c5 9. Qe2 Nc7 10. O-O Rb8 11. Rad1 Bd7 12. dxc5 bxc5 13. e4 e5 14. Nc4 Nfe8 15.
Ne3 f5 16. Bc4+ Kh8 17. Nd2 f4 18. Nd5 Ne6 19. f3 a5 20. Bc3 g5 21. a4 Nd4 22.
Bxd4 exd4 23. Nb1 Be5 24. Na3 Kg7 25. Bb5 Be6 26. Nc4 Nc7 27. Bc6 Na6 28. Nxe5
1-0

[Event "Skopje MKD"]
[Site "Skopje MKD"]
[Date "2014.04.05"]
[Round "9.87"]
[White "Velikic, Adela"]
[Black "Nikolovski, Martin"]
[Result "1-0"]
[WhiteElo "2078"]
[BlackElo "1761"]
[PlyCount "103"]
[EventDate "2014.03.29"]
[EventType "swiss"]
[EventRounds "9"]

1. e4 e5 2. Nf3 Nc6 3. Bc4 Be7 4. d4 exd4 5. Nxd4 d6 6. Nc3 Nf6 7. Nxc6 bxc6 8.
f3 O-O 9. Be3 Nd7 10. Qd2 Nb6 11. Bb3 Be6 12. O-O-O Bxb3 13. axb3 c5 14. Qe2
Qc8 15. h4 Bf6 16. Nd5 Nxd5 17. Rxd5 a5 18. Qc4 Qe8 19. Bg5 Bxg5+ 20. hxg5 a4
21. b4 cxb4 22. Qxc7 b3 23. Qxd6 f6 24. Qh2 Qg6 25. Qh5 Rac8 26. c3 a3 27. Qxg6
hxg6 28. bxa3 Rxc3+ 29. Kb2 Re3 30. gxf6 gxf6 31. Rd2 Rb8 32. Rc1 Rb7 33. Rc3
Re1 34. Rxb3 Rc7 35. Rbd3 Rb7+ 36. Ka2 Rbb1 37. Rd7 Ra1+ 38. Kb3 Rab1+ 39. Kc4
Rb8 40. Rd8+ Rxd8 41. Rxd8+ Kf7 42. Rd2 Rb1 43. a4 Ke6 44. Ra2 Kd6 45. a5 Rc1+
46. Kd3 Rc7 47. a6 Ra7 48. Kd4 Kc6 49. g3 Kd6 50. f4 Kc6 51. e5 fxe5+ 52. Kxe5
1-0

[Event "Skopje MKD"]
[Site "Skopje MKD"]
[Date "2014.04.05"]
[Round "9.88"]
[White "Golubovic, Tomislav"]
[Black "Ilic, Slobodan S"]
[Result "1/2-1/2"]
[WhiteElo "1855"]
[BlackElo "2055"]
[PlyCount "41"]
[EventDate "2014.03.29"]
[EventType "swiss"]
[EventRounds "9"]

1. e4 c5 2. Nf3 e6 3. d4 cxd4 4. Nxd4 Nf6 5. Nc3 d6 6. Bg5 Be7 7. Qd2 Nc6 8. f3
a6 9. a4 Qc7 10. Be2 O-O 11. Nb3 b6 12. O-O Bb7 13. Rfd1 Rfd8 14. Be3 d5 15.
exd5 Nb4 16. Bd3 Nfxd5 17. Nxd5 Nxd5 18. Kh1 Bd6 19. Bg1 Be5 20. Rab1 Bc6 21.
a5 1/2-1/2

[Event "Skopje MKD"]
[Site "Skopje MKD"]
[Date "2014.04.05"]
[Round "9.89"]
[White "Arda, Cagil Irmak"]
[Black "Milutinovic, Stefana"]
[Result "1-0"]
[WhiteElo "1753"]
[BlackElo "2048"]
[PlyCount "91"]
[EventDate "2014.03.29"]
[EventType "swiss"]
[EventRounds "9"]

1. e4 c5 2. Nf3 d6 3. d4 cxd4 4. Nxd4 Nf6 5. f3 a6 6. c4 e6 7. Nc3 Be7 8. Be2
Nc6 9. Be3 O-O 10. O-O Qc7 11. Rc1 Nxd4 12. Bxd4 b6 13. Qe1 Nd7 14. Qf2 Rb8 15.
Rfd1 Rd8 16. b4 Bb7 17. Nd5 exd5 18. cxd5 Nc5 19. Qg3 g6 20. bxc5 bxc5 21. Rxc5
Qd7 22. Ra5 Qc7 23. Rc5 Qd7 24. Rc3 Rdc8 25. f4 Qa4 26. Bg4 Re8 27. Ra3 Qc2 28.
Qd3 Qxd3 29. Rdxd3 f5 30. Bh3 Bf8 31. Rdb3 Rxe4 32. Ba7 Bg7 33. Bxb8 Bxd5 34.
Rd3 Bd4+ 35. Rxd4 Rxd4 36. Rxa6 Rd1+ 37. Kf2 Rd2+ 38. Ke3 Rb2 39. Rxd6 Bxa2 40.
Rd8+ Kf7 41. Be5 Rb7 42. g3 Re7 43. Bg2 g5 44. Rd6 gxf4+ 45. Kxf4 Be6 46. Bf3
1-0